000 00660nam a2200193 a 4500
001 000042806
005 20201002040418.0
008 140210s1995 sp 000 0 spa d
020 _a8433907751
040 _aDO-SdBNP
_bspa
_cBNPHU
082 _axxxxxxx
_bxxxxxxx
100 1 _aGumpert Melgosa, Carlos,
_d1962-
_970152
245 1 0 _aConversaciones con Antonio Tabucchi /
_cCarlos Gumpert Melgosa ; colaborador Xavier González Rovira.
260 _aBarcelona, :
_bAnagrama,
_c1995.
300 _a229 p. ;
_c23 cm.
490 1 _aBiblioteca de la memoria
_v10
700 1 _aGonzález Rovira, Xavier,
_ecol.
_970153
830 0 _aBiblioteca de la memoria
_n10
_970154
999 _c42295
_d42295